00690nam a2200181 a 450000100100000000500170001000800410002702000150006804000250008310000360010824500750014426000550021930000210027450000210029550400700031695201050038699900170049100004283520201002040431.0140211s1990 sp 001 0 spa d a8472325105 aDO-SdBNPbspacBNPHU1 aGarcía Gallo, Alfonso.96155010aCedulario de Encinas :bestudio e índices de Alfonso García-Gallo. aMadrid :bEdiciones de Cultura Hispánica,c1990. a457 p. ;c33 cm. aIncluye índice aIncluye referencias bibliográficas y notas al pie de las pagina 001050718MOaGRbGRcCTd2014-02-11iLF1l0o p42835-10r2020-06-25w2020-06-25y1ZNo se presta c42324d42324